| 000 | 01866nam a2200373 4500 | ||
|---|---|---|---|
| 001 | 59435 | ||
| 003 | CO-BoRNBP | ||
| 005 | 20251009224500.0 | ||
| 007 | ta | ||
| 008 | 250201s2024 ck a|||ar|||| 00| 1dspa d | ||
| 020 | _a9786289568967 | ||
| 040 |
_aCO-BoRNBP _bspa _erda _cCO-BoRNBP |
||
| 041 | 0 | _hspa | |
| 043 | _ae-sp--- | ||
| 084 | _aA | ||
| 100 |
_aLópez Ávila, Pilar _d1969- _eaut _965573 |
||
| 245 | 1 | 0 |
_aSi yo fuera / _cPilar López Ávila. |
| 250 | _aEdición especial | ||
| 264 | 1 |
_aBogotá, Colombia : _bAS ediciones, _c2024 |
|
| 300 |
_a30 páginas sin numerar : _bilustraciones a color |
||
| 336 |
_atexto _btxt _2rdacontenido |
||
| 337 |
_asin mediación _bn _2rdamedio |
||
| 338 |
_avolumen _bnc _2rdasoporte |
||
| 520 | _aEste álbum, de estructura circular e iterativa, nos plantea un bello recorrido por el ciclo natural, el que equilibra de forma armónica un planeta actualmente amenazado por el hombre. En el se pone en valor la diversidad de nuestro planeta y la conexión del ser humano con la Naturaleza, como un elemento más de una rica cadena de la que somos parte esencial. Este itinerario culmina con una llamada a la acción por parte de la protagonista, la niña que se reconoce como parte del frágil equilibrio de la naturaleza. El mensaje se refuerza con las coloristas ilustraciones de la ilustradora colombiana Gina Rosas Moncada | ||
| 521 | _aRecomendado para un público infantil mayor de 3 años | ||
| 545 | _aIncluye datos biográficos del autor e ilustradora | ||
| 650 | 0 | 4 |
_aÁlbumes infantiles españoles _ySiglo XX _2LEMB _9844 |
| 650 | 0 | 7 |
_aAceptación social _2LEMB _965574 |
| 650 | 0 | 7 |
_aEcosistemas _xConservación _2lemb _965575 |
| 650 | 0 | 7 |
_aLibros ilustrados para niños _2LEMB _92001 |
| 650 | 0 | 4 |
_aLiteratura infantil española _2LEMB _9726 |
| 650 | 0 | 7 |
_aRelación hombre _2lemb _965576 |
| 942 |
_2loc _cBKLITI _n0 |
||
| 999 |
_c59435 _d59435 |
||